000 02094nam a22003617a 4500
003 DO-SlITS
005 20260207064115.0
007 ta
008 260114b20242026RD adlofrmi|||||1|||spa|d
040 _aDO-SlITS
_bspa
_cDO-SlITS
_drda
041 _aspa
082 _aPF-TSDG 741.6 M777c 2024
_221
100 _922249
_aMontenegro, Sebastián
_c2022-0403
_eSustentante
245 _aCampaña gráfica para concienciación y prevención de enfermedades de transmisión sexual y embarazo en los adolescentes /
_cSebastián Montenegro, Kevin de la Cruz, Julio Sala. [Docente Asesora: Leocadia Báez]
264 _aSanto Domingo Este, República Dominicana :
_bInstituto Técnico Superior Comunitario (ITSC). Vicerrectoría Académica. Área de Artes ;
_c2024.
300 _a88 hojas :
_bilustraciones, gráficas, fotografía ;
_c28 x 22 cm.3
336 _atexto
_btxt
_2rdacontent
337 _avolumen
_bn
_2rdamedia
502 _aProyecto final para optar por el título: Técnico Superior en Diseño Gráfico :
_bInstituto Técnico Superior Comunitario (ITSC). Santo Domingo Este, República Dominicana,
_c2024.
504 _aIncluye referencias bibliográficas.
505 _aTabla de contenido / Dedicatoria / Agradecimiento / Introducción / Delimitación del tema de investigación / Planeamiento del problema / Justificación / Objetivos / Objetivos Especifico / Marco conceptual / Tema relevancia uno / Sub tema relevancia uno / Tema relevante 2 / Sub Tema relevante 2 / Sub Tema relevante 2-3 /El color / Importancia del color / Marco textual / Conclusiones / Referencias /
546 _aTexto en español.
650 4 _93462
_aDiseño gráfico
650 0 _922258
_aCampañas de concienciación.
650 0 _922259
_aSalud sexual.
_xPrevención.
650 0 _922260
_aEnfermedades de transmisión sexual.
_xPrevención.
650 0 _914731
_aEmbarazo en adolescentes
_xPrevención.
650 0 _922261
_aComunicación visual.
700 _921874
_aDe la Cruz, Kevin
700 _921875
_aGarcía, Julio
700 1 _aBáez, Leocadia,
_eDocente
_eAsesora
_916659
942 _2ddc
_cPF
999 _c9522
_d9522